|
|
|
|
| LEADER |
00000cam a2200000 7i4500 |
| 001 |
0000004077 |
| 005 |
20160419.0 |
| 020 |
0 |
0 |
|a 9789834241889
|
| 090 |
0 |
0 |
|a 582.16095951
|b GUI
|
| 245 |
1 |
0 |
|a A guide to the trees :
|b heritage amenity Forest Forest Sandakan
|c complied by Joan T. Pererira...[eta]
|
| 260 |
0 |
0 |
|a Sandakan, Sabah :
|b Sabah Forestry Department ,
|c 2010
|
| 300 |
|
|
|a 197 p :
|b ill. ;
|c 19 cm.
|
| 650 |
0 |
0 |
|a Forest dan foresty---Sabah
|
| 650 |
0 |
0 |
|a Trees
|z Sabah
|x Identification
|
| 700 |
0 |
1 |
|a John B. Sagau
|
| 998 |
|
|
|a JPSM
|
| 999 |
|
|
|a 007907
|b Monograph
|c Open Shelf
|e Default branch
|